Statistics for Name Every Shawn Michaels PPV Opponent

Click here to take the quiz!

General Stats

  • This quiz has been taken 79 times
    (73 since last reset)
  • The average score is 149 of 218

Answer Stats

HintAnswer% Correct
Armageddon 2002 | Backlash 2003 | Backlash 2004 | +9 othersTriple H
98%
Bragging Rights 2009 | Crown Jewel 2018 | New Year's Revolution 2006 | +3 othersKane
96%
Badd Blood: In Your House | Crown Jewel 2018 | Ground Zero: In Your House | +5 othersThe Undertaker
96%
Summerslam 2005Hulk Hogan
94%
Survivor Series 2002Booker T
92%
Backlash 2007 | New Year's Revolution 2006 | Survivor Series 2009 | +2 othersJohn Cena
92%
Backlash 2003 | Bad Blood 2003 | Wrestlemania XXIVRic Flair
92%
Survivor Series 1992 | Survivor Series 1993 | Survivor Series 1997 | Wrestlemania XIIBret Hart
90%
Backlash 2007 | Cyber Sunday 2006 | Cyber Sunday 2007 | +8 othersRandy Orton
90%
Armageddon 2003 | Backlash 2008 | No Way Out 2007 | +3 othersBatista
88%
Backlash 2004 | Wrestlemania XXChris Benoit
88%
Backlash 2003 | Bragging Rights 2009 | Judgement Day 2008 | +10 othersChris Jericho
88%
Backlash 2007 | Cyber Sunday 2006 | New Year's Revolution 2007 | +2 othersEdge
88%
In Your House 6 | In Your House 9: International Incident | Survivor Series 1993 | Survivor Series 1995Owen Hart
88%
King Of The Ring 1997 | Wrestlemania XIVStone Cold Steve Austin
88%
New Year's Revolution 2006 | Royal Rumble 2005 | Taboo Tuesday 2005 | +2 othersKurt Angle
87%
TLC: Tables, Ladders & Chairs | Unforgiven 2006Big Show
85%
In Your House 7: Good Friends, Better Enemies | Royal Rumble 1996 | Wrestlemania XIDiesel
85%
Backlash 2006 | Royal Rumble 2006 | Summerslam 2006 | Unforgiven 2006Shane McMahon
83%
Summerslam 1995 | Survivor Series 1994 | Survivor Series 1995 | Wrestlemania XRazor Ramon
81%
Survivor Series 1993Bruce Hart
79%
No Way Out 2008Jeff Hardy
79%
Survivor Series 1993Keith Hart
79%
Backlash 2006 | Summerslam 2006 | Unforgiven 2006 | Wrestlemania 22Mr. McMahon
79%
Hell In A Cell 2009 | Summerslam 2009 | WWE Breaking Point 2009Cody Rhodes
77%
Summerslam 2003Goldberg
77%
No Way Out 2008 | No Way Out 2009 | Survivor Series 2005 | Survivor Series 2008John "Bradshaw" Layfield
77%
In Your House 10: Mind Games | In Your House 12: It's TimeMankind
77%
Bragging Rights 2009Matt Hardy
77%
Survivor Series 2005Rey Mysterio
77%
Survivor Series 2003Christian
75%
Hell In A Cell 2009 | Summerslam 2009 | WWE Breaking Point 2009Ted Dibiase
75%
In Your House 9: International Incident | Summerslam 1996Vader
73%
Survivor Series 2002Rob Van Dam
69%
Survivor Series 2005Bobby Lashley
67%
Survivor Series 2003Mark Henry
67%
Royal Rumble 1993Marty Jannetty
67%
Royal Rumble 1997 | Survivor Series 1996Sycho Sid
65%
In Your House 3 | Survivor Series 1995Yokozuna
65%
In Your House 3 | In Your House 8: Beware Of Dog | In Your House 9: International Incident | +4 othersThe British Bulldog
63%
Survivor Series 2008The Miz
63%
New Year's Revolution 2006Carlito
62%
Royal Rumble 1989Randy Savage
60%
No Way Out 2008Umaga
58%
Wrestlemania VBig Boss Man
56%
Summerslam 2003Kevin Nash
56%
Survivor Series 1988Ax
54%
New Year's Revolution 2006 | Unforgiven 2005Chris Masters
54%
In Your House 2Jeff Jarrett
54%
Royal Rumble 1992 | Wrestlemania VIIITito Santana
54%
In Your House 11: Buried Alive | XperienceGoldust
52%
Survivor Series 1988Smash
52%
Survivor Series 1994The 1-2-3 Kid
52%
Royal Rumble 1990Ultimate Warrior
52%
D-Generation X: In Your HouseKen Shamrock
50%
Summerslam 1993Mr. Perfect
50%
Survivor Series 2008John Morrison
48%
Summerslam 1989 | Summerslam 1992 | Survivor Series 1990Rick Martel
46%
Wrestlemania IXTatanka
46%
This Tuesday In TexasHawk
44%
Vengeance 2006Kenny
44%
This Tuesday In TexasAnimal
42%
Bragging Rights 2009Finlay
42%
Armageddon 2007 | Royal Rumble 2008Mr. Kennedy
42%
Vengeance 2006Nicky
42%
Royal Rumble 1994Lex Luger
40%
Vengeance 2006Mikey
40%
Survivor Series 2003Scott Steiner
40%
Survivor Series 2006Mike Knox
38%
Vengeance 2006Mitch
38%
Bragging Rights 2009R-Truth
38%
King Of The Ring 1993Crush
37%
Wrestlemania VIIHaku
37%
Royal Rumble 1989 | Survivor Series 1988Arn Anderson
35%
Survivor Series 1990The Warlord
35%
Wrestlemania VAkeem
33%
Summerslam 1990 | Survivor Series 1990Hercules
33%
Vengeance 2006Johnny
33%
Summerslam 1989 | Survivor Series 1988Jacques Rougeau
31%
Summerslam 1990 | Survivor Series 1990Paul Roma
31%
Summerslam 1989 | Survivor Series 1988Raymond Rougeau
31%
Backlash 2005Daivari
29%
King Of The Ring 1995Kama
29%
Backlash 2005Muhammad Hassan
29%
Wrestlemania VIIThe Barbarian
29%
Bragging Rights 2009David Hart Smith
27%
Survivor Series 1988Tully Blanchard
27%
Wrestlemania 1990Pat Tanaka
25%
Royal Rumble 1991Tanaka
25%
Survivor Series 1991Brian Knobbs
23%
Bragging Rights 2009Tyson Kidd
23%
Survivor Series 1995Dean Douglas
21%
Survivor Series 2006Gregory Helms
21%
Survivor Series 1991Jerry Sags
21%
Survivor Series 1988Boris Zhukov
19%
Survivor Series 1994Fatu
19%
Survivor Series 1988Nikolai Volkoff
19%
Survivor Series 2006Johnny Nitro
17%
Wrestlemania VISato
17%
Survivor Series 1991Beau Beverly
15%
Survivor Series 1991Blake Beverly
15%
Survivor Series 1988Dos
15%
Survivor Series 1988Uno
15%
Royal Rumble 1991Kato
13%
Survivor Series 2008Montel Vontavious Porter
8%
Survivor Series 1994Sione
8%

Score Distribution

Percentile by Number Answered

Percent of People with Each Score

Your Score History

You have not taken this quiz since the last reset